Responses for show #5164 - Thursday, February 8, 2007

2007 Teen Tournament quarterfinal game 4.

Contestants

[<< previous game]

Ben Schenkel, a junior from Allentown, Pennsylvania

Naomi Hinchen, a senior from Brooklyn, New York

Frank Firke, a junior from Chicago, Illinois

[next game >>]

Jeopardy! Round responses

STATE CAPITALS
I STILL LIKE CARTOONS
A NUMBER IN THE TEENS
SCIENTISTS
ROLE-PLAYING GAMES
BASIC SPANISH
    $200 11
Columbus (Ohio)

Frank
    $200 6
SpongeBob SquarePants

Ben
    $200 24
13

Naomi
    $200 22
Newton

Ben
    $200 1
Dungeons & Dragons

Ben
    $200 16
doctor

Ben
    $400 12
Jefferson City

Ben
    $400 7
(Ben: Who is Marmaduke?)

Scooby-Doo

NaomiBen
    $400 25
14

Ben
    $400 23
Galileo

Frank
    $400 2
The Matrix

Frank
    $400 20
sister

Ben
    $1,000 13
Olympia (Washington)

Ben
    $600 8
Billy & Mandy

Naomi
    $600 27
15

Ben
    $600 26
Copernicus

Frank
    $600 3
World of Warcraft

Frank
    $600 19
plane

Ben
    $800 14
Springfield

Naomi
    $800 9
Eddy

Naomi
    $800 29
16

Ben
    $800 28
Fahrenheit

Ben
    $800 4
EverQuest

Frank
    $800 18
heart

Ben
    $1000 15
Albany (New York)

Naomi
    $1000 10
Foster's Home for Imaginary Friends

Naomi
    $1000 30
(Frank: How much is [*]? What is [*]?)
(Alex: What did you say first? How much is [*]?)
(Frank: How much.)
(Alex: Either one. It works. [*] is correct.)

19

Frank
    $1000 21
(Gregor) Mendel

Ben
    $1000 5
Camelot

Naomi
    $1000 17
(Ben: What is a... a [*]?)
(Alex: A... [*] is correct.)
(Ben: Oh! Phew!)

wolf

Ben

Scores at the first commercial break (after clue 15):

Frank Naomi Ben
$2,000 $5,600 $1,400

Scores at the end of the Jeopardy! Round:

Frank Naomi Ben
$4,000 $5,800 $8,200

Double Jeopardy! Round responses

EXPLORATION
WHEN THEY WERE TEENS
ALL ABOUT ANIMALS
BALLET
THE "PROM"
YOU'RE NOT GOING OUT WEARING THAT
    $400 1
Lewis & Clark

Frank
    $400 6
Hillary Rodham Clinton

Ben
    $400 21
South America

Ben
    $400 23
Cinderella

Ben
    $400 8
a promise

Ben
    $400 16
a tuxedo

Frank
    $800 2
Vasco da Gama

Frank
    $800 7
Dublin

Frank
    $800 25
a polar bear

Frank
    $800 30
Sleeping Beauty

Naomi
    $800 12
a promotion

Ben
    $800 17
armor

Naomi
    $3,000 3
(Captain) Cook

Frank
    $1200 9
Kirsten Dunst

Frank
    $1200 26
a swan

Ben
    $1200 29
a fish

Ben
    $1200 13
a prompt

Naomi
    $1200 18
(Frank: Uhh... uh, bridle and rein?)

blinders (or blinkers)

Frank
Triple Stumper
    $1600 4
Australia

Frank
    $1600 10
Prince William

Ben
    $1600 22
legs

Frank
    $10,000 27
(Alex: Gutsy move, I must say, but it paid off handsomely.)

The Nutcracker

Ben
    $1600 14
a promenade

Ben
    $1600 19
(Alex: I don't want you wearing [*] today. Maybe tomorrow.)

burlap

Triple Stumper
    $2000 5
(Frank: Who is, uh, Marquette?)

Hernando de Soto

FrankNaomi
    $2000 11
(Katie) Couric

Frank
    $2000 24
a dromedary

Naomi
    $2000 28
Spain

Naomi
    $2000 15
a promontory

Naomi
    $2000 20
a corset

Naomi

Scores at the end of the Double Jeopardy! Round:

Frank Naomi Ben
$13,400 $18,600 $26,200

Final Jeopardy! Round responses

NOVELS
FrankWhat is Moby-Dick?
$4,100
NaomiWhat is Moby Dick?
$3,800
BenWhat is Robinson Crusoe?
$7,001
Moby-Dick

Final scores:

Frank Naomi Ben
$17,500 $22,400 $19,199
3rd place: $5,000 if eliminated Automatic semifinalist 2nd place: $5,000 if eliminated

Game dynamics:

Coryat scores:

Frank Naomi Ben
$11,600 $18,600 $17,400
17 R
(including 1 DD),
2 W
16 R,
0 W
25 R
(including 2 DDs),
1 W

Combined Coryat: $47,600

The J! Archive is created by fans, for fans. The Jeopardy! game show and all elements thereof, including but not limited to copyright and trademark thereto, are the property of Jeopardy Productions, Inc. and are protected under law. This website is not affiliated with, sponsored by, or operated by Jeopardy Productions, Inc. Join the discussion at JBoard.tv.